| 000 | 00610nam a2200217Ia 4500 | ||
|---|---|---|---|
| 003 | OSt | ||
| 005 | 20221007080718.0 | ||
| 006 | a|||||r|||| 00| 0 | ||
| 007 | ta | ||
| 008 | 221006b |||||||| |||| 00| 0 eng d | ||
| 024 | _a27,191 | ||
| 037 | _cReports / Technical Reports | ||
| 040 |
_aFLL _cFLL _beng |
||
| 041 |
_2eng _aeng |
||
| 082 | _aZ5vM9, K9 | ||
| 245 | 0 | _aProgress of continental law in the nineteenth century | |
| 260 |
_aNew York _bAugutus M. Kelley New _c1969 |
||
| 300 |
_axlix,1-558p _ccm. |
||
| 942 |
_hZ5vM9, K9 _cREP _2CC |
||
| 999 |
_c1160637 _d1160637 |
||